|
|
|
|
| LEADER |
00000nam a2200000 i 4500 |
| 001 |
DIGBRUJ310 |
| 003 |
NyNyDIG |
| 008 |
200921s2018 ag ob 000 0 spa d |
| 006 |
m o d |
| 007 |
cr ||||||||||| |
| 035 |
|
|
|a (OCoLC)1100003830
|
| 040 |
|
|
|a DGITA
|b eng
|e rda
|e pn
|c DGITA
|
| 020 |
|
|
|a 9789877601626
|q eBook
|
| 020 |
|
|
|a 9877601621
|q eBook
|
| 020 |
|
|
|z 9789877601596
|
| 020 |
|
|
|z 9877601591
|
| 041 |
0 |
|
|a spa
|b spa
|b por
|
| 043 |
|
|
|a s-ag---
|
| 050 |
1 |
4 |
|a LB1060 ebook
|
| 082 |
0 |
4 |
|a 370.1523
|
| 245 |
0 |
0 |
|a Aprender en escenarios universitarios complejos /
|c Horacio R. Maldonado & Mónica L. Fornasari (comps)
|
| 250 |
|
|
|a 1a edición.
|
| 264 |
|
1 |
|a Córdoba, Argentina :
|b Editorial Brujas,
|c [2018]
|
| 300 |
|
|
|a 1 online resource.
|
| 336 |
|
|
|a text
|b txt
|2 rdacontent
|
| 337 |
|
|
|a computer
|b c
|2 rdamedia
|
| 338 |
|
|
|a online resource
|b cr
|2 rdacarrier
|
| 347 |
|
|
|a text file
|2 rdaft
|
| 347 |
|
|
|a PDF
|
| 504 |
|
|
|a Includes bibliographical references.
|
| 546 |
|
|
|a Abstracts in Spanish or Portuguese.
|
| 588 |
0 |
|
|a Online resource; title from PDF title page (Digitalia, viewed September 21, 2020)
|
| 610 |
2 |
0 |
|a Universidad Nacional de Córdoba.
|b Programa de Fortalecimiento al Ingreso, Permanencia y Egreso en la carrera de Psicología.
|
| 650 |
|
0 |
|a Learning, Psychology of.
|
| 650 |
|
0 |
|a Education, Higher
|z Argentina.
|
| 650 |
|
0 |
|a Psychology
|x Study and teaching
|z Argentina.
|
| 655 |
|
0 |
|a Electronic books.
|
| 700 |
1 |
|
|a Maldonado, Horacio
|c (Psychologist),
|e editor.
|
| 700 |
1 |
|
|a Fornasari, Mónica L.
|q (Mónica Laura),
|e editor.
|
| 791 |
2 |
|
|a Digitalia (Firm),
|e distributor.
|
| 793 |
0 |
|
|g Digitalia eBook Collection:
|a Editorial Brujas
|
| 776 |
0 |
8 |
|i Print version:
|t Aprender en escenarios universitarios complejos.
|d Córdoba, Argentina :
|b Editorial Brujas,
|c [2018]
|z 9789877601596
|
| 856 |
4 |
0 |
|3 Digitalia Hispánica
|u https://www.digitaliapublishing.com/a/58653/
|
| 910 |
|
|
|a Premium collection: 2020
|